12 days of Christmas / (Record no. 2421)

MARC details
000 -LEADER
fixed length control field 01555cam a22003497a 4500
005 - DATE AND TIME OF LATEST TRANSACTION
control field 20250827130204.0
020 ## - INTERNATIONAL STANDARD BOOK NUMBER
International Standard Book Number 9780312510961
020 ## - INTERNATIONAL STANDARD BOOK NUMBER
International Standard Book Number 0312510969
040 ## - CATALOGING SOURCE
Original cataloging agency BTCTA
Language of cataloging eng
Transcribing agency BTCTA
Modifying agency DMM
-- DLC
050 00 - LIBRARY OF CONGRESS CALL NUMBER
Classification number PZ8.3.S5720
Item number Aam 2011
082 04 - DEWEY DECIMAL CLASSIFICATION NUMBER
Classification number 782.42/1723
Edition number 23
100 1# - MAIN ENTRY--PERSONAL NAME
Personal name Sido, Barbi.
245 10 - TITLE STATEMENT
Title 12 days of Christmas /
Statement of responsibility, etc. Barbi Sido.
260 ## - PUBLICATION, DISTRIBUTION, ETC.
Place of publication, distribution, etc. New York :
Name of publisher, distributor, etc. Priddybooks,
Date of publication, distribution, etc. 2011.
300 ## - PHYSICAL DESCRIPTION
Extent 8 unnumbred pages :
Other physical details color illustrations ;
Dimensions 18 cm.
490 1# - SERIES STATEMENT
Series statement My fold out
500 ## - GENERAL NOTE
General note On board pages.
500 ## - GENERAL NOTE
General note Title from cover.
500 ## - GENERAL NOTE
General note "Priddy Books big ideas for little people"--Back cover.
505 ## - FORMATTED CONTENTS NOTE
Formatted contents note E
520 ## - SUMMARY, ETC.
Summary, etc. Delight your little one this Christmas with this beautifully illustrated version of the holiday classic, 12 Days of Christmas. Open up the cover, and inside is one long, concertina-style page which unfolds to reveal all of the 12 Days of Christmas gifts, from the single partridge in a pear tree right through to the twelve drummers drumming. Children will be captivated by the lyrics of this classic song, which are reproduced in full, and will love looking at the bright images as more and moregifts are added. A book for all the family to enjoy.
521 ## - TARGET AUDIENCE NOTE
Target audience note 100 <br/>
Source Lexile estimate<br/>
521 ## - TARGET AUDIENCE NOTE
Target audience note E<br/>
Source Raz-Plus estimate<br/>
650 #0 - SUBJECT ADDED ENTRY--TOPICAL TERM
Topical term or geographic name entry element Folk songs
Geographic subdivision England.
650 #0 - SUBJECT ADDED ENTRY--TOPICAL TERM
Topical term or geographic name entry element Christmas music.
650 #0 - SUBJECT ADDED ENTRY--TOPICAL TERM
Topical term or geographic name entry element Carols.
650 #0 - SUBJECT ADDED ENTRY--TOPICAL TERM
Topical term or geographic name entry element Board books.
650 #0 - SUBJECT ADDED ENTRY--TOPICAL TERM
Topical term or geographic name entry element Toy and movable books
Form subdivision Specimens.
906 ## - LOCAL DATA ELEMENT F, LDF (RLIN)
a 7
b cbc
c copycat
d 2
e ncip
f 20
g y-gencatlg
942 ## - ADDED ENTRY ELEMENTS (KOHA)
Source of classification or shelving scheme Dewey Decimal Classification
Koha item type Books
Suppress in OPAC No
999 ## -
-- 2421
-- 2421
Holdings
Withdrawn status Lost status Source of classification or shelving scheme Damaged status Not for loan Collection Home library Current library Shelving location Date acquired Total Checkouts Full call number Barcode Date last seen Copy number Price effective from Koha item type Date last checked out
    Dewey Decimal Classification     Juvenile Fiction Footprints International School Library Network Toul Kork Campus Footprints International School Library Network Toul Kork Campus TK Primary Library Room(4th Floor), Bookcase 7, Shelves 57-60, Dark Green Books 12/05/2023   SID 782.42 PZ7 2023-0759 12/05/2023 1 12/05/2023 Books  
    Dewey Decimal Classification     Juvenile Fiction Footprints International School Library Network Toul Kork Campus Footprints International School Library Network Toul Kork Campus TK Primary Library Room(4th Floor), Bookcase 7, Shelves 57-60, Dark Green Books 12/06/2023 1 SID 782.42 PZ7 2023-0760 03/02/2026 2 12/06/2023 Books 02/02/2026
    Dewey Decimal Classification     Juvenile Fiction Footprints International School Library Network Toul Tom Poung Campus Footprints International School Library Network Toul Kork Campus TTP Primary Green Bookshelves 08/27/2025 3 SID 782.42 PZ7 2025-4283 01/14/2026 3 08/27/2025 Books 11/19/2025